Slow Dance - Clairo (Lyrics) - Statistics

General Stats
  • This quiz has been taken 13 times
  • The average score is 180 of 225
Answer Stats
Answer % Correct
after
100%
alone
100%
and
100%
be
100%
begins
100%
burn
100%
candles
100%
dance?
100%
does
100%
goodbye
100%
hide
100%
i
100%
in
100%
is
100%
it
100%
it's
100%
keeping
100%
leaving
100%
light
100%
mean
100%
moon
100%
not
100%
out
100%
over
100%
slow
100%
that's
100%
the
100%
to
100%
turn
100%
turning
100%
we
100%
what
100%
when
100%
window
100%
you
100%
all
50%
bed?
50%
crawling
50%
down
50%
faded
50%
foot
50%
got
50%
know
50%
one
50%
other
50%
people
50%
record
50%
too
50%
you've
50%
back
0%
can't
0%
could
0%
everything
0%
fall
0%
her
0%
remember
0%
routine
0%
trace
0%
used
0%
way
0%
No matching quizzes found
Score Distribution
Percent of People with Each Score
Percentile by Number Answered
Your Score History
You have not taken this quiz